| 000 | 01006nmm a2200289 a 4500 | ||
|---|---|---|---|
| 001 | ocm0002015893 | ||
| 003 | TR-IsHL | ||
| 005 | 20201028181138.0 | ||
| 008 | 181229s2016 tu tur | ||
| 007 | cr cn | ||
| 020 | _a9786059241526 | ||
| 035 |
_a2015893 _b(N$T) |
||
| 050 | 0 | 4 |
_aPL243.S49 _bN68 2016 |
| 090 | 0 | 4 |
_aPL243.S49 _bN68 2016 |
| 100 | 1 | _aSeyda, Mehmet | |
| 245 | 1 | 0 |
_aNotlar: denemeler, eşleştiriler, romancı günlükleri _h[electronic resource] / _cMehmet Seyda ; hazırlayan Cem Şems Tümer |
| 250 | _a1. basım | ||
| 260 |
_aİstanbul : _bBilge Kültür Sanat, _c2016 |
||
| 300 | _a432 p. | ||
| 650 | 4 | _aDil ve Edebiyat | |
| 650 | 4 | _aLanguage and Literature | |
| 650 | 0 |
_aSeyda, Mehmet _x Eleştiri ve yorum |
|
| 650 | 0 |
_aSeyda, Mehmet _x Criticism and interpretation |
|
| 650 | 7 |
_aLITERARY CRITICISM / Middle Eastern _2bisacsh |
|
| 700 | 1 | _aTümer, Cem Şems | |
| 856 | 4 | 0 | _uhttp://search.ebscohost.com/login.aspx?direct=true&scope=site&db=e011xww&AN=2015893 |
| 999 |
_c19467 _d19467 |
||